<?xml version="1.0" encoding="UTF-8"?>
<marc:record xmlns:marc="http://www.loc.gov/MARC21/slim">
   <marc:leader>00000nam a2200000 a 4500</marc:leader>
   <marc:datafield ind1="1" ind2=" " tag="100">
      <marc:subfield code="a">Saunders, Catherine</marc:subfield>
      <marc:subfield code="4">aut</marc:subfield>
      <marc:subfield code="e">Verfasser/-in</marc:subfield>
   </marc:datafield>
   <marc:datafield ind1="0" ind2="0" tag="245">
      <marc:subfield code="a">Lego Ninjago - Ninja gegen Piraten</marc:subfield>
   </marc:datafield>
   <marc:datafield ind1=" " ind2="1" tag="264">
      <marc:subfield code="a">München</marc:subfield>
      <marc:subfield code="b">Dorling Kindersley Verlag</marc:subfield>
      <marc:subfield code="c">2019</marc:subfield>
   </marc:datafield>
   <marc:datafield ind1="1" ind2=" " tag="490">
      <marc:subfield code="a">Superleser! - 3. Lesestufe</marc:subfield>
   </marc:datafield>
   <marc:datafield ind1=" " ind2=" " tag="250">
      <marc:subfield code="a">6. Aufl.</marc:subfield>
   </marc:datafield>
   <marc:datafield ind1="1" ind2=" " tag="520">
      <marc:subfield code="a">Ninja Nya braucht Hilfe, denn fiese Luftpiraten rund um den mächtigen Flaschengeist Nadakhan haben sie entführt! Gut, dass ihre tapferen Ninja Freunde schon zur Stelle sind und sich den Bösewichten mutig in den Weg stellen. Lest nach, ob es ihnen gelingen wird, Nya aus den Fängen der Luftpiraten zu befreien! Dazu gibt es brandaktuelle Inhalte aus der TV-Serie, spannende Infos zu Drachen und Trainings-Tipps. Findet außerdem in einem Test heraus, welcher Ninja ihr seid! (Verl.txt)</marc:subfield>
   </marc:datafield>
   <marc:datafield ind1=" " ind2=" " tag="020">
      <marc:subfield code="a">9783831032471</marc:subfield>
      <marc:subfield code="9">9783831032471</marc:subfield>
   </marc:datafield>
   <marc:datafield ind1=" " ind2=" " tag="020">
      <marc:subfield code="a">3831032475</marc:subfield>
      <marc:subfield code="9">3831032475</marc:subfield>
   </marc:datafield>
   <marc:datafield ind1=" " ind2=" " tag="500">
      <marc:subfield code="a">Aus dem Englischen von Simone Heller; zahlr. ill.</marc:subfield>
   </marc:datafield>
   <marc:datafield ind1=" " ind2=" " tag="300">
      <marc:subfield code="a">95 S.</marc:subfield>
   </marc:datafield>
</marc:record>
